000 00352nam a2200133Ia 4500
008 240624s9999 xx 000 0 und d
041 _aeng
082 _a333.91 BUR
100 _aBURNETT KIMBERLY
245 _aROUTLEDGE HANDBOOK OF WATER ECONOMICS AN
260 _c2015
_aLondon
_bRoutledge
300 _axvi, : 409 : p. : cm. ; 25
365 _cGBP
_b30
999 _c26737
_d26737